=LDR 00000nam 2200000 4500 =001 INLIS000000000022870 =005 20130612121602 =008 ***********************************Ind** =035 ##$$a0010-061300000022870 =041 ##$$a Ind =082 ##$$a 808.8 =090 ##$$a 808.8, 8Avi m =100 ##$$a Avianty, Ifa =245 ##$$a Musim semi nggak lewat Depok, Ifa Avianty =260 ##$$a 2006 $b Bandung =300 ##$$a vi, 144 hlm., 21 cm =650 ##$$a Percintaan =850 ##$$a NBPNMAT =990 ##$$a 0001/BPAP-NTB/20142014